The Emperor's revenge / Clive Cussler and Boyd Morrison.
"Juan Cabrillo and the Oregon crew face their toughest challenge yet when a violent bank heist during the Monaco Grand Prix decimates the Corporation’s accounts. To get the money back, Juan joins forces with an old friend from his days in the CIA to track down a rogue hacker and a ruthless former Ukrainian naval officer" -- Provided by publisher.
Record details
- ISBN: 9781410489975
- ISBN: 1410489973
- Physical Description: 613 pages (large print) ; 23cm.
- Edition: Large print edition.
- Publisher: Waterville, Maine : Wheeler Publishing, ©2016.
Search for related items by subject
| Subject: | Cabrillo, Juan (Fictitious character) > Fiction. Antiquities > Fiction. Large type books. |
| Genre: | Thrillers (Fiction) Action and adventure fiction. |
Search for related items by series
Available copies
- 1 of 1 copy available at scottsboropl.
Holds
- 0 current holds with 1 total copy.
Other Formats and Editions
Show Only Available Copies
| Location | Call Number / Copy Notes | Barcode | Shelving Location | Status | Due Date |
|---|---|---|---|---|---|
| scottsboropl | F Cus | 32269000982796 | Adult - Fiction | Available | - |
| LDR | 01741cam a22003978i 4500 | ||
|---|---|---|---|
| 001 | 141628 | ||
| 003 | CONS | ||
| 005 | 20200427131527.0 | ||
| 008 | 160406t20162016meu d 000 1 eng | ||
| 010 | . | ‡a 2016016587 | |
| 020 | . | ‡a9781410489975 ‡q(large print : hardback) | |
| 020 | . | ‡a1410489973 ‡q(large print : hardback) | |
| 035 | . | ‡a(CPomAG)LMN595173 | |
| 042 | . | ‡apcc | |
| 050 | 1 | 0. | ‡aPS3553.U75 ‡bE47 2016b |
| 082 | 0 | 0. | ‡a813/.6 ‡223 |
| 100 | 1 | . | ‡aCussler, Clive, ‡d1931-2020, ‡eauthor. |
| 245 | 1 | 4. | ‡aThe Emperor's revenge / ‡cClive Cussler and Boyd Morrison. |
| 250 | . | ‡aLarge print edition. | |
| 264 | 1. | ‡aWaterville, Maine : ‡bWheeler Publishing, ‡c©2016. | |
| 300 | . | ‡a613 pages (large print) ; ‡c23cm. | |
| 336 | . | ‡atext ‡btxt ‡2rdacontent | |
| 337 | . | ‡aunmediated ‡bn ‡2rdamedia | |
| 338 | . | ‡avolume ‡bnc ‡2rdacarrier | |
| 340 | . | ‡nlarge print ‡2rda | |
| 490 | 1 | . | ‡aA novel of the Oregon files ; ‡v11 |
| 520 | . | ‡a"Juan Cabrillo and the Oregon crew face their toughest challenge yet when a violent bank heist during the Monaco Grand Prix decimates the Corporation’s accounts. To get the money back, Juan joins forces with an old friend from his days in the CIA to track down a rogue hacker and a ruthless former Ukrainian naval officer" -- ‡cProvided by publisher. | |
| 650 | 0. | ‡aCabrillo, Juan (Fictitious character) ‡vFiction. | |
| 650 | 0. | ‡aAntiquities ‡vFiction. | |
| 650 | 0. | ‡aLarge type books. | |
| 655 | 7. | ‡aThrillers (Fiction) ‡2lcgft | |
| 655 | 7. | ‡aAction and adventure fiction. ‡2lcgft | |
| 700 | 1 | . | ‡aMorrison, Boyd, ‡d1967- ‡eauthor. |
| 800 | 1 | . | ‡aCussler, Clive. ‡tOregon files ; ‡v11. |
| 959 | . | ‡i32269000982796 ‡lF Cus ‡aAdult - Fiction ‡tFiction ‡g36.00 | |
| 852 | . | ‡p32269000982796 ‡jF Cus ‡gAdult - Fiction ‡cFiction ‡y36.00 ‡bSBPL | |
| 901 | . | ‡a141628 ‡bUnknown ‡c141628 ‡tbiblio | |